Planhauptstädte - Statistiken

Allgemein
  • Dieses Quiz wurde 38 mal gespielt
  • Das Durchschnittsergebnis liegt bei 8 aus 23
Antwortstatistiken
Alte Hauptstadt Planhauptstadt % Korrekt
Istanbul Ankara
100%
Rio de Janeiro Brasília
95%
Melbourne Canberra
92%
Philadelphia Washington, D.C.
78%
Kolkata Neu-Delhi
70%
Belize-Stadt Belmopan
68%
Lagos Abuja
65%
Karachi, Rawalpindi Islamabad
54%
Cuzco Lima
46%
Daressalam Dodoma
41%
Rangun Naypyidaw
32%
Akmola Astana
19%
Koror Ngerulmud
14%
_ Pretoria
14%
Kaesŏng Seoul
14%
Ctesiphon Bagdad
11%
Kolonia Palikir
11%
Mahikeng Gaborone
5%
Vittoriosa/Birgu Valletta
5%
James Town Bridgetown
3%
Saint-Louis Nouakchott
3%
_ Oslo
3%
Kuala Lumpur Putrajaya
0%
Keine übereinstimmenden Quizze gefunden
Verteilung der Resultate
Anzahl Personen mit jedem Resultat
Perzentil nach korrekt beantworteten Fragen
Ihre Resultats-Entwicklung
Sie haben dieses Quiz noch nicht gespielt